अवधी ग्रन्थावली / (Record no. 36785)
[ view plain ]
| 000 -LEADER | |
|---|---|
| fixed length control field | 03404nam a22004217a 4500 |
| 005 - DATE AND TIME OF LATEST TRANSACTION | |
| control field | 2010070107087.0 |
| 008 - FIXED-LENGTH DATA ELEMENTS--GENERAL INFORMATION | |
| fixed length control field | 100701t xxu||||| |||| 00| 0 hin d |
| 010 ## - LCCN (DPL NO) | |
| LC control number | HIN-89591-597 |
| 020 ## - INTERNATIONAL STANDARD BOOK NUMBER | |
| Terms of availability | 7000.00 (सात खण्डों का मूल्य) |
| 020 ## - INTERNATIONAL STANDARD BOOK NUMBER | |
| International Standard Book Number | 9788181439024 |
| Terms of availability | 7000.00 (सात खण्डों का मूल्य) |
| 020 ## - INTERNATIONAL STANDARD BOOK NUMBER | |
| International Standard Book Number | 9788181439031 |
| Terms of availability | 7000.00 (सात खण्डों का मूल्य) |
| 020 ## - INTERNATIONAL STANDARD BOOK NUMBER | |
| International Standard Book Number | 9788181439048 |
| Terms of availability | 7000.00 (सात खण्डों का मूल्य) |
| 020 ## - INTERNATIONAL STANDARD BOOK NUMBER | |
| International Standard Book Number | 9788181439055 |
| Terms of availability | 7000.00 (सात खण्डों का मूल्य) |
| 020 ## - INTERNATIONAL STANDARD BOOK NUMBER | |
| International Standard Book Number | 9789350001479 |
| Terms of availability | 7000.00 (सात खण्डों का मूल्य) |
| 020 ## - INTERNATIONAL STANDARD BOOK NUMBER | |
| International Standard Book Number | 9789350001509 |
| Terms of availability | 7000.00 (सात खण्डों का मूल्य) |
| 035 ## - SYSTEM CONTROL NUMBER | |
| System control number | HN-61937-943 |
| 037 ## - SOURCE OF ACQUISITION | |
| Source of stock number/acquisition | DBAD / PUB |
| 040 ## - CATALOGING SOURCE | |
| Original cataloging agency | DPL |
| Language of cataloging | HN |
| 082 ## - DEWEY DECIMAL CLASSIFICATION NUMBER | |
| Classification number | 820 |
| 245 ## - TITLE STATEMENT | |
| Title | अवधी ग्रन्थावली / |
| Statement of responsibility, etc | जगदीश पीयूष द्वारा संपादित |
| 246 ## - VARYING FORM OF TITLE | |
| Title proper/short title | Awadhi Granthawali/ |
| Remainder of title | ed. by Jagdish Peeyush |
| 250 ## - EDITION STATEMENT | |
| Edition statement | 2रा संस्क |
| 260 ## - PUBLICATION, DISTRIBUTION, ETC. (IMPRINT) | |
| Place of publication, distribution, etc | नई दिल्ली |
| Name of publisher, distributor, etc | वाणी प्रकाशन |
| Date of publication, distribution, etc | 2010 |
| 270 ## - ADDRESS | |
| Address | 4695, 21-ए, दरियागंज |
| City | नई दिल्ली |
| Postal code | 110002 |
| 300 ## - PHYSICAL DESCRIPTION | |
| Extent | 7भाग (436पृ;366पृ;414पृ ;579पृ;430पृ;536पृ;403पृ ) |
| Dimensions | 22सेमी (सजिल्द) |
| 500 ## - GENERAL NOTE | |
| General note | समान ISBN 9788181439000 शीर्षक बहुत कुछ जैसा कुछ नहीं |
| 505 ## - FORMATTED CONTENTS NOTE | |
| Formatted contents note | खण्ड-1-(लोक साहित्य खण्ड);खण्ड-2(लोक गाथा खण्ड); खण्ड-3(प्राचीन साहित्य खण्ड);खण्ड-4(आधुनिक साहित्य खण्ड);खण्ड-5(लोक कथा/गद्य खण्ड); खण्ड-6(शब्दकोश) ; खण्ड-7(लोकोक्ति खण्ड) |
| 650 ## - SUBJECT ADDED ENTRY--TOPICAL TERM | |
| Topical term or geographic name as entry element | अवधी साहित्य |
| 9 (RLIN) | 19771 |
| 700 ## - ADDED ENTRY--PERSONAL NAME | |
| Personal name | जगदीश पीयूष |
| 9 (RLIN) | 19772 |
| 942 ## - ADDED ENTRY ELEMENTS (KOHA) | |
| Source of classification or shelving scheme | Dewey Decimal Classification |
| Item type | Hindi Books |
| Call number suffix | अवघी |
| Withdrawn status | Lost status | Source of classification or shelving scheme | Materials specified (bound volume or other part) | Damaged status | Not for loan | Collection code | Home library | Current library | Date acquired | Source of acquisition | Cost, normal purchase price | Total Checkouts | Full call number | Barcode | Date last seen | Copy number | Cost, replacement price | Koha item type |
|---|---|---|---|---|---|---|---|---|---|---|---|---|---|---|---|---|---|---|
| Dewey Decimal Classification | भाग-1 | Not For Loan | Non-fiction | D.B.Act.Division | D.B.Act.Division | 01/07/2010 | DBAD / PUB | 7000.00 | चौधरी | HN-61937 | 01/07/2010 | 1 | 7000.00 | Hindi Books | ||||
| Dewey Decimal Classification | भाग-2 | Not For Loan | Non-fiction | D.B.Act.Division | D.B.Act.Division | 01/07/2010 | DBAD / PUB | 7000.00 | चौधरी | HN-61938 | 01/07/2010 | 1 | 7000.00 | Hindi Books | ||||
| Dewey Decimal Classification | भाग-3 | Not For Loan | Non-fiction | D.B.Act.Division | D.B.Act.Division | 01/07/2010 | DAD PUB | 7000.00 | चौधरी | HN-61939 | 01/07/2010 | 1 | 7000.00 | Hindi Books | ||||
| Dewey Decimal Classification | भाग-4 | Not For Loan | Non-fiction | D.B.Act.Division | D.B.Act.Division | 01/07/2010 | DBAD / PUB | 7000.00 | चौधरी | HN-61940 | 01/07/2010 | 1 | 7000.00 | Hindi Books | ||||
| Dewey Decimal Classification | भाग-5 | Not For Loan | Non-fiction | D.B.Act.Division | D.B.Act.Division | 01/07/2010 | DBAD / PUB | 7000.00 | चौधरी | HN-61941 | 01/07/2010 | 1 | 7000.00 | Hindi Books | ||||
| Dewey Decimal Classification | भाग-6 | Not For Loan | Non-fiction | D.B.Act.Division | D.B.Act.Division | 01/07/2010 | DBAD / PUB | 7000.00 | चौधरी | HN-61942 | 01/07/2010 | 1 | 7000.00 | Hindi Books | ||||
| Dewey Decimal Classification | भाग-7 | Not For Loan | Non-fiction | D.B.Act.Division | D.B.Act.Division | 01/07/2010 | DBAD / PUB | 7000.00 | चौधरी | HN-61943 | 01/07/2010 | 1 | 7000.00 | Hindi Books |
